International law and civil wars : (Record no. 14076)
[ view plain ]
| 000 -LEADER | |
|---|---|
| fixed length control field | 01745cam a2200301 a 4500 |
| 001 - CONTROL NUMBER | |
| control field | 17433918 |
| 005 - DATE AND TIME OF LATEST TRANSACTION | |
| control field | 20170105102846.0 |
| 008 - FIXED-LENGTH DATA ELEMENTS--GENERAL INFORMATION | |
| fixed length control field | 120817s2013 nyu b 001 0 eng |
| 010 ## - LIBRARY OF CONGRESS CONTROL NUMBER | |
| LC control number | 2012033882 |
| 020 ## - INTERNATIONAL STANDARD BOOK NUMBER | |
| International Standard Book Number | 9780415507905 (hardback) |
| 020 ## - INTERNATIONAL STANDARD BOOK NUMBER | |
| Canceled/invalid ISBN | 9780203588918 (e-book) |
| 040 ## - CATALOGING SOURCE | |
| Original cataloging agency | DLC |
| Transcribing agency | DLC |
| Modifying agency | DLC |
| 042 ## - AUTHENTICATION CODE | |
| Authentication code | pcc |
| 050 00 - LIBRARY OF CONGRESS CALL NUMBER | |
| Classification number | KZ6368 |
| Item number | .L54 2013 |
| 082 00 - DEWEY DECIMAL CLASSIFICATION NUMBER | |
| Classification number | 341.68 |
| Edition number | 23 |
| 100 1# - MAIN ENTRY--PERSONAL NAME | |
| Personal name | Lieblich, Eliav, |
| Dates associated with a name | 1979- |
| 245 10 - TITLE STATEMENT | |
| Title | International law and civil wars : |
| Remainder of title | intervention and consent / |
| Statement of responsibility, etc. | Eliav Lieblich. |
| 260 ## - PUBLICATION, DISTRIBUTION, ETC. | |
| Place of publication, distribution, etc. | New York : |
| Name of publisher, distributor, etc. | Routledge, |
| Date of publication, distribution, etc. | 2013. |
| 300 ## - PHYSICAL DESCRIPTION | |
| Extent | xvii, 286 p. ; |
| Dimensions | 24 cm. |
| 490 0# - SERIES STATEMENT | |
| Series statement | Law, Conflict and International Relations |
| 504 ## - BIBLIOGRAPHY, ETC. NOTE | |
| Bibliography, etc. note | Includes bibliographical references (p. [259]-277) and index. |
| 505 0# - FORMATTED CONTENTS NOTE | |
| Formatted contents note | The dynamics of consensual intervention -- The concepts of intervention and internal armed conflict -- The modalities of forcible intervention -- Internal armed conflicts and consent in the war-prerogative era and effectiveness as a source of rights -- Intervention and consent in the inter-war period and the fragmentation of traditional doctines -- The preference of governments : from dichotomy to rebuttable presumption -- The scope of government consent power : general thresholds -- From effective control over territory to effective protection of civilians -- Consent power, democracy, human rights and self-determination -- Consent by opposition groups : between recognition and humanitarian intervention : between legality and legitimacy. |
| 650 #0 - SUBJECT ADDED ENTRY--TOPICAL TERM | |
| Topical term or geographic name entry element | Intervention (International law) |
| 650 #0 - SUBJECT ADDED ENTRY--TOPICAL TERM | |
| Topical term or geographic name entry element | Civil war. |
| 906 ## - LOCAL DATA ELEMENT F, LDF (RLIN) | |
| a | 7 |
| b | cbc |
| c | orignew |
| d | 1 |
| e | ecip |
| f | 20 |
| g | y-gencatlg |
| 942 ## - ADDED ENTRY ELEMENTS (KOHA) | |
| Source of classification or shelving scheme | |
| Koha item type | Book |
| Withdrawn status | Lost status | Damaged status | Not for loan | Collection code | Permanent Location | Current Location | Shelving location | Date acquired | Total Checkouts | Full call number | Barcode | Date last seen | Price effective from | Koha item type |
|---|---|---|---|---|---|---|---|---|---|---|---|---|---|---|
| Centre for International Peace & Stability (CIPS) | Centre for International Peace & Stability (CIPS) | General Stacks | 08/16/2013 | 341.68 LIE 2013 | CIPS0000421 | 08/16/2013 | 08/16/2013 | Book |
